000 00429nam a2200181Ia 4500
001 15017
005 20260306164957.0
008 260306t2003||||xx |||||||||||||| ||spa||
041 _aESP
082 _a519.72
_bM63
100 _aMiranda, MIguel
_eAUT
245 0 _aProgramación lineal:
_by su entorno
260 _c2003
300 _a290 pƔginas :
_c28 cm.
650 _aGEN
654 _aCMA
942 _cLIB
_dJUS
_fJUS
_2ddc
_n
999 _c15017
_d15017